Digital currents : art in the electronic age
Αποθηκεύτηκε σε:
| Κύριος συγγραφέας: | |
|---|---|
| Μορφή: | Βιβλίο |
| Γλώσσα: | English |
| Δημοσίευση: |
New York :
Routledge,
c2004
|
| Έκδοση: | 3rd expanded ed. |
| Θέματα: | |
| Ετικέτες: |
Προσθήκη ετικέτας
Δεν υπάρχουν, Καταχωρήστε ετικέτα πρώτοι!
|
MARC
| LEADER | 00000nam a2200000 i 4500 | ||
|---|---|---|---|
| 001 | 1/73213 | ||
| 008 | 080204s2004 eng d | ||
| 020 | |a 0-415-30780-5 (hbk) | ||
| 035 | |l 10094341 | ||
| 040 | |a GR-MY-UA |b gre |e aacr | ||
| 041 | 0 | |a eng | |
| 082 | 0 | |a 700.105 |2 (22) | |
| 100 | 1 | |a Lovejoy, Margot. | |
| 245 | 1 | 0 | |a Digital currents : |b art in the electronic age / |c Margot Lovejoy |
| 250 | |a 3rd expanded ed. | ||
| 260 | |a New York : |b Routledge, |c c2004 | ||
| 300 | |a xiv, 342 σ.; |b εικ.; |c 26 εκ. | ||
| 504 | |a Βιβλιογραφία: σ. [323]-332. Ευρετήριο | ||
| 650 | 0 | 0 | |a Postmodernism |z United States. |
| 650 | 0 | 0 | |a Technology and the arts. |
| 650 | 0 | 0 | |a Computer art |z United States. |
| 650 | 0 | 0 | |a Video art |z United States. |
| 852 | |a INST |b SYROS |e 20080204 |h 700.105 LOV |p 005500006629 |q 005500006629 |t BK |y 0 | ||
| 901 | |a BIBL5-2008-1 | ||
| 909 | |a Ε |b 139863 | ||
| 922 | |a 5ΕΛΗ |b 200710 |c ΕΠΕΑΕΚ2/ΤΜΣΠΣ |d ΠΑΠΑΣΩΤΗΡΙΟΥ | ||
| 970 | |a ΚΟΝΤΟΥ |b ΠΑΡΑΣΚΕΥΗ |z 2008/02/04 | ||